Names of foods Quiz Stats

 Plays Quiz not verified by Sporcle

Score 0/15 Timer 10:00
0 Plays Today
hint % Correct
A fruit that is round and makes great juice for breakfastorange
87.8%
what cartoon mice lovecheese
87.2%
'They're as close as two ____ in a pod!'peas
87.2%
What you eat at a fast food resturant(made from cow)hamburger
86.9%
'an _____ a day keeps the doctor away'apple
86.9%
what cartoon bunnies lovecarrots
86.5%
What they make ham and bacon out ofpig
85.3%
main ingredient in saladlettuce
84.1%
hint % Correct
what they serve usually in fancy resturaunts (also made from cowsteak
81.3%
found in the sea. Used to make most sea food dishesfish
79.8%
what goes great with spagetti (type of bread)garlic bread
64.8%
Ingrediants found in this are sometimes carrots, tomatos, cheese and radishes.salad
60.6%
Usually used as a side to steak. Sometimes served in fast food resturaunts.potato
57.2%
Known for it's dressing. Type of cheesebleu cheese
29.1%
what you sometimes get with spagetti (it's a grain)corn
9.5%

You're not logged in!

Compare scores with friends on all Sporcle quizzes.
OR
Log In

Show Comments

Extras

Created Apr 22, 2010ReportNominate
Tags:Food Quiz, different

Top Quizzes Today


Score Distribution

Your Account Isn't Verified!

In order to create a playlist on Sporcle, you need to verify the email address you used during registration. Go to your Sporcle Settings to finish the process.

Report this User

Report this user for behavior that violates our Community Guidelines.

Details: